000 00429nam a2200205Ia 4500
001 001127
003 YMCAF
005 20230512160049.0
008 100717s1971 ||||||||||||||||| ||und|d
024 _a1127
035 _a1109
040 _aYMCAF
_beng
_cIN-KoLT
041 _aeng
082 _aCP
_b-DAN
100 _aDANFOSS
245 0 _aCP VALUES AND THEIR APPLICATION
260 _c1971
300 _a12
942 _2ddc
_cBK
999 _c908
_d908